000 00573nam a2200217 a 4500
001 11625
003 CO-ViMGA
008 141112s2004 ck r 000 u spa d
020 _a980010819X
040 _aCO-ViMGA
_bspa
_cCO-ViMGA
082 0 4 _aV861.6 A55f
100 1 _aAlmela, Harry
_916212
245 1 0 _aFrágil en el Alba
250 _a1
260 _aCaracas,
_cMonte Avila editores,
_c1993
300 _a41 p.
650 1 4 _aPOESIA AMOROSA VENEZOLANA
_916213
650 1 4 _aPOESIA CRITICA VENEZOLANA
_916214
650 1 4 _aPOESIA VENEZOLANA
_950942
942 _2ddc
_cBK
999 _c22813
_d22813